L'Egypte imaginaire de la Renaissance a Champollion : colloque en Sorbonne /
مؤلف مشترك:
مؤلفون آخرون:
التنسيق: كتاب
اللغة: French
منشور في:
Paris :
Presses de l'Université de Paris-Sorbonne,
2001.
سلاسل:
Mythes, critique et histoire.
الموضوعات:
الوسوم: إضافة وسم
رقم الطلب: PJ1021 .E39 1991
| LEADER | 01196nam a22003017a 4500 | ||
|---|---|---|---|
| 003 | OSt | ||
| 005 | 20251013080011.0 | ||
| 008 | 251013t2001 fr a g b 100 0 fre d | ||
| 020 | |a 2840501503 | ||
| 020 | |a 9782840501503 | ||
| 040 | |c ARCE Library | ||
| 043 | |a f-ua--- | ||
| 050 | 1 | 4 | |a PJ1021 |b .E39 1991 |
| 245 | 0 | 2 | |a L'Egypte imaginaire de la Renaissance a Champollion : |b colloque en Sorbonne / |c sous la direction de Chantal Grell. |
| 264 | 1 | |a Paris : |b Presses de l'Université de Paris-Sorbonne, |c 2001. | |
| 300 | |a 199 pages : |b illustrations ; |c 24 cm. | ||
| 490 | 0 | |a Mythes, critique et histoire. | |
| 500 | |a Proceedings of a colloquium held May 21-22 1991 and organized by the Institut de recherches sur les civilisations de l'Occident moderne. | ||
| 504 | |a Includes bibliographical references (p. 20-25). | ||
| 555 | |a shimaa | ||
| 650 | 0 | |a Ancient Egyptian studies. | |
| 650 | 0 | |a Egyptology |v Congresses. | |
| 651 | 0 | |a Egypt |x In literature |v Congresses. | |
| 700 | 1 | |a Grell, Chantal. |9 31091 | |
| 710 | 2 | |a Université de Paris IV : Paris-Sorbonne. |b Institut de recherches sur les civilisations de l'Occident moderne. | |
| 901 | |a reviewed | ||
| 942 | |c BK |2 lcc | ||
| 999 | |c 24301 |d 24301 | ||
